000 01111cam a2200277 i 4500
003 SA-RiAUC
005 20241109153402.0
008 241102s1984 su g b 00000bara c
040 _aSA-RiAUC
_bara
_cSA-RiAUC
_erda
082 0 4 _a922.58
090 _a922.58
_bش ر ع
100 1 _aالشرع، صلاح عبد الغني
_eمؤلف.
245 1 2 _aالإمام البغوي وأثره في الفقه /
_cصلاح عبد الغني الشرع.
264 1 _aالرياض :
_bدار الصحراء السعودية للنشر والتوزيع،
_c1984
300 _a479 صفحة ؛
_c24 سم
336 _aنص
_btxt
_2rdacontent
_3كتاب
337 _aبدون وسيط
_bn
_2rdamedia
338 _aمجلد
_bnc
_2rdacarrier
504 _aببليوجرافية : صفحة 443-472.
600 1 7 _aالبغوي، الحسين بن مسعود بن محمد،
_d436-510 هجري
_2aucnm
650 7 _aالفقهاء الشافعية
_vتراجم
_2aucsh
650 7 _aالفقه الشافعي.
_2aucsh
942 _2ddc
_cBOOK
_n0
949 _aSA-JeALM
_d241102
_umohamedma123
_n1
999 _c2232
_d2232